| 000 | 00615nam a2200205 a 4500 | ||
|---|---|---|---|
| 005 | 20240228063825.0 | ||
| 008 | 991125s1992 mx 000 0 spa u | ||
| 020 | _a9681637798 | ||
| 035 | _aUPN01000011955 | ||
| 049 | _aI | ||
| 050 | 4 |
_aPZ78 _bB7.28 |
|
| 100 | 1 |
_aBrowne, Anthony Edward Tudor, _d1946- _935823 |
|
| 245 | 1 | 0 |
_aCosas que me gustan / _cAnthony Browne ; tr. Carmen Esteva. |
| 260 |
_aMéxico : _bFCE, _c1992. |
||
| 300 |
_a18 p. : _bil. col. |
||
| 440 | 0 | _aA la orilla del viento | |
| 650 | 4 |
_aCuentos infantiles ingleses _910002 |
|
| 650 | 4 |
_aLibros y lectura para niños _92290 |
|
| 905 | _aInfantil | ||
| 999 |
_c11955 _d11955 |
||